| 000 | 00347nam a2200145Ia 4500 | ||
|---|---|---|---|
| 005 | 20251222175921.0 | ||
| 008 | 251222s9999||||xx |||||||||||||| ||spa|| | ||
| 020 | _a8423986373 | ||
| 082 | _a503/G66/T.II | ||
| 100 | _aRamos, Ángel | ||
| 245 | 0 | _aDiccionario de la Naturaleza | |
| 250 | _a1ra.ed. | ||
| 264 | _bEspasa Calpe, S.A. | ||
| 942 | _cLIB | ||
| 999 |
_c40658 _d40658 |
||